Mikroekonomie pro bakalářské studium : distanční opora /

Hlavní autor: Buchta, Miroslav, 1941-
Korporativní autor: Univerzita Pardubice. Ekonomicko-správní fakulta
Další autoři: Volejníková, Jolana
Jazyk: Čeština
Vydáno: Pardubice : Univerzita Pardubice, 2012-2013
Vydání: Vyd. 3.
Témata:
Fyzický popis: 2 sv. (105, 116 s.) : il. ; 30 cm
Odebírané svazky: 1-2-
Knihy
Uloženo v:
LEADER 01738nam a2200433 aa4500
001 nkc20122409795
003 CZ PrNK
005 20140117153110.0
007 ta
008 121005m20122013xr a e p 000 0 cze
015 |a cnb002409795 
020 |a 978-80-7395-518-2  |q (1. díl :  |q brož.) 
020 |a 978-80-7395-700-1  |q (2. díl :  |q brož.) 
035 |a (OCoLC)817050738 
040 |a ABA001  |b cze  |d OLA001 
072 7 |a 33  |x Ekonomie  |2 Konspekt  |9 4 
072 7 |a 37.016  |x Učební osnovy. Vyučovací předměty. Učebnice  |2 Konspekt  |9 22 
080 |a 330.101.542  |2 MRF 
080 |a (075.8)  |2 MRF 
100 1 |a Buchta, Miroslav,  |d 1941-  |7 jn20001005131  |4 aut 
245 1 0 |a Mikroekonomie pro bakalářské studium :  |b distanční opora /  |c Miroslav Buchta, Jolana Volejníková 
250 |a Vyd. 3. 
260 |a Pardubice :  |b Univerzita Pardubice,  |c 2012-2013 
300 |a 2 sv. (105, 116 s.) :  |b il. ;  |c 30 cm 
500 |a 500 výt. (každý díl) 
500 |a Nad názvem: Univerzita Pardubice, Fakulta ekonomicko-správní 
504 |a Obsahuje bibliografii 
650 0 7 |a mikroekonomie  |7 ph115305  |2 czenas 
650 0 9 |a microeconomics  |2 eczenas 
655 7 |a učebnice vysokých škol  |7 fd133772  |2 czenas 
655 9 |a textbooks (higher)  |2 eczenas 
700 1 |a Volejníková, Jolana  |7 xx0002024  |4 aut 
710 2 |a Univerzita Pardubice.  |b Ekonomicko-správní fakulta  |7 kn20010709381 
910 2 |a BOA001  |b 4-1292.773  |s 1-2- 
990 |a BK 
995 |a 01 
991 |b 201211  |c NOV  |e n 
996 6 |b 2610526636  |c 4-1292.773  |d 1. díl  |v 1  |l MZK  |r Sklad / do 1 hodiny  |n 0  |p p.v.  |w 001294606  |u 000010  |a 1  |e BOA001  |j MZK50  |s P 
996 6 |b 2610569204  |c 4-1292.773  |d 2. díl  |v 2  |l MZK  |r Sklad / do 1 hodiny  |n 1  |p p.v.  |w 001294606  |u 000020  |a 1  |e BOA001  |j MZK50  |s P